ELECTROTHERAPY FOR PHYSIOTHERAPISTS (Record no. 3916)
[ view plain ]
| 000 -LEADER | |
|---|---|
| fixed length control field | 00373nam a2200145Ia 4500 |
| 008 - FIXED-LENGTH DATA ELEMENTS--GENERAL INFORMATION | |
| fixed length control field | 150201s2004 xx 000 0 und d |
| 082 ## - DEWEY DECIMAL CLASSIFICATION NUMBER | |
| Classification number | 615.845 |
| Item number | E2004K |
| 100 ## - MAIN ENTRY--PERSONAL NAME | |
| Personal name | KHOKHAR,VIRENDER |
| 245 ## - TITLE STATEMENT | |
| Title | ELECTROTHERAPY FOR PHYSIOTHERAPISTS |
| 250 ## - EDITION STATEMENT | |
| Edition statement | 1ST |
| 260 ## - PUBLICATION, DISTRIBUTION, ETC. (IMPRINT) | |
| Name of publisher, distributor, etc. | BHART BHARTI PUBLICATION |
| Place of publication, distribution, etc. | DELHI |
| Date of publication, distribution, etc. | 2004 |
| 300 ## - PHYSICAL DESCRIPTION | |
| Extent | 1-310 |
| 650 ## - SUBJECT ADDED ENTRY--TOPICAL TERM | |
| Topical term or geographic name as entry element | PHYSIOTHERAPY |
| 942 ## - ADDED ENTRY ELEMENTS (KOHA) | |
| Source of classification or shelving scheme | Dewey Decimal Classification |
| Koha item type | Books |
| Withdrawn status | Lost status | Source of classification or shelving scheme | Damaged status | Not for loan | Home library | Current library | Date acquired | Source of acquisition | Cost, normal purchase price | Serial Enumeration / chronology | SGTU | Bill Number | Total Checkouts | Full call number | Barcode | Date last seen | Bill Date | Koha item type |
|---|---|---|---|---|---|---|---|---|---|---|---|---|---|---|---|---|---|---|
| Dewey Decimal Classification | SGT Dental Library | SGT Dental Library | 01/02/2008 | U.B.S.DELHI | 425.00 | 1 | SGTU | 1378 | 615.845 E2004K | FD4901 | 09/02/2015 | 01/01/2013 | Books | |||||
| Dewey Decimal Classification | SGT Dental Library | SGT Dental Library | 01/02/2008 | U.B.S.DELHI | 425.00 | 1 | SGTU | 1378 | 615.845 E2004K | FD4902 | 09/02/2015 | 01/01/2013 | Books | |||||
| Dewey Decimal Classification | SGT Dental Library | SGT Dental Library | 01/02/2008 | U.B.S.DELHI | 425.00 | 1 | SGTU | 1378 | 615.845 E2004K | FD4903 | 09/02/2015 | 01/01/2013 | Books | |||||
| Dewey Decimal Classification | SGT Dental Library | SGT Dental Library | 01/02/2008 | U.B.S.DELHI | 425.00 | 1 | SGTU | 1378 | 615.845 E2004K | FD4904 | 09/02/2015 | 01/01/2013 | Books |